MARC details
| 000 -CABECERA |
| campo de control de longitud fija |
01217nam a2200277 a 4500 |
| 001 - NÚMERO DE CONTROL |
| campo de control |
000000449 |
| 003 - IDENTIFICADOR DEL NÚMERO DE CONTROL |
| campo de control |
OSt |
| 005 - FECHA Y HORA DE LA ÚLTIMA TRANSACCIÓN |
| campo de control |
20260321073637.0 |
| 008 - DATOS DE LONGITUD FIJA--INFORMACIÓN GENERAL |
| campo de control de longitud fija |
081127s1968 mx 000 0 spa d |
| 040 ## - FUENTE DE LA CATALOGACIÓN |
| Centro catalogador/agencia de origen |
DO-SdBNP |
| Lengua de catalogación |
spa |
| Centro/agencia transcriptor |
BNPHU |
| 082 ## - NÚMERO DE LA CLASIFICACIÓN DECIMAL DEWEY |
| Número de clasificación |
355.033573 |
| Número de documento/Ítem |
B742p, 1968 |
| 100 1# - ENTRADA PRINCIPAL--NOMBRE DE PERSONA |
| Nombre de persona |
Bosch, Juan, |
| Fechas asociadas al nombre |
1909-2001 |
| 9 (RLIN) |
76555 |
| 245 13 - MENCIÓN DE TÍTULO |
| Título |
El pentagonismo, sustituto del imperialismo / |
| Mención de responsabilidad, etc. |
Juan Bosch. |
| 260 ## - PUBLICACIÓN, DISTRIBUCIÓN, ETC. |
| Lugar de publicación, distribución, etc. |
México, D. F. : |
| Nombre del editor, distribuidor, etc. |
Siglo XXI, |
| Fecha de publicación, distribución, etc. |
1968. |
| 300 ## - DESCRIPCIÓN FÍSICA |
| Extensión |
147 p. ; |
| Dimensiones |
15 cm. |
| 490 1# - MENCIÓN DE SERIE |
| Mención de serie |
Mínima ; |
| Designación de volumen o secuencia |
12 |
| 505 0# - NOTA DE CONTENIDO CON FORMATO |
| Título |
Prefacio -- |
| -- |
Qué es el pentagonismo |
| -- |
El nacimiento del pentagonismo -- |
| -- |
Expansión del pentagonismo -- |
| -- |
La sociedad pentagonizada -- |
| -- |
Política y pentagonismo -- |
| -- |
Doctrina y moral del pensamiento -- |
| -- |
El pentagonismo y América Latina -- |
| -- |
El pentagonismo hacia el poder total -- |
| -- |
Apéndice al prefacio -- |
| -- |
Apéndice I -- |
| -- |
Apéndice II -- |
| -- |
Apéndice III. |
| 590 ## - NOTA LOCAL (RLIN) |
| Nota local |
Inventariado, 2018/ YL |
| 650 #0 - PUNTO DE ACCESO ADICIONAL DE MATERIA--TÉRMINO DE MATERIA |
| Término de materia o nombre geográfico como elemento de entrada |
Imperialismo |
| 9 (RLIN) |
1499 |
| 651 #4 - PUNTO DE ACCESO ADICIONAL DE MATERIA--NOMBRE GEOGRÁFICO |
| Nombre geográfico |
Estados Unidos |
| Subdivisión general |
Política Militar |
| 9 (RLIN) |
1496 |
| 651 #4 - PUNTO DE ACCESO ADICIONAL DE MATERIA--NOMBRE GEOGRÁFICO |
| Nombre geográfico |
Estados Unidos |
| Subdivisión general |
Seguridad Nacional |
| 9 (RLIN) |
1497 |
| 651 #4 - PUNTO DE ACCESO ADICIONAL DE MATERIA--NOMBRE GEOGRÁFICO |
| Nombre geográfico |
Estados Unidos |
| Subdivisión general |
Relaciones Exteriores |
| 9 (RLIN) |
1498 |
| 830 #0 - PUNTO DE ACCESO ADICIONAL DE SERIE-TÍTULO UNIFORME |
| Título uniforme |
Mínima |
| Número de parte o sección de la obra |
12 |
| 9 (RLIN) |
1500 |
| 910 ## - DATOS DE OPCIÓN DEL USUARIO (OCLC) |
| Datos de opción del usuario |
Validado. Control de calidad MMOLINA |
| 942 ## - ELEMENTOS DE PUNTO DE ACCESO ADICIONAL (KOHA) |
| Fuente del sistema de clasificación o colocación |
Dewey Decimal Classification |
| Tipo de ítem Koha |
Libro |